[Event "18. Open de Sants Hostafrancs 2016"]
[Site "Barcelona ESP"]
[Date "2016.08.26"]
[Round "8.15"]
[White "Kvetny, Mark"]
[Black "Rios, Cristhian Camilo"]
[Result "0-1"]
[WhiteElo "2379"]
[BlackElo "2490"]
[PlyCount "136"]
[EventDate "2016.08.19"]
[EventType "swiss"]
[EventRounds "10"]
[EventCountry "ESP"]
[SourceTitle "Ajedrez en Madrid"]
[Source "lmi"]
[SourceDate "2016.08.19"]

1. d4 Nf6 2. c4 e6 3. Nc3 Bb4 4. e3 O-O 5. Bd3 d5 6. Nf3 c5 7. O-O Nc6 8. a3
Bxc3 9. bxc3 dxc4 10. Bxc4 Qc7 11. Bb2 e5 12. h3 Bf5 13. Qe2 Rac8 14. Ba2 e4
15. Nd2 Bg6 16. Rac1 Rfd8 17. Rfe1 b6 18. Bc4 Rd6 19. Bb5 Nd7 20. Red1 Na5 21.
c4 Bf5 22. Bc3 Nc6 23. Nf1 Bg6 24. Qb2 f6 25. Rd2 Ncb8 26. a4 a6 27. Bxd7 Nxd7
28. d5 Rb8 29. Rb1 Nf8 30. Ng3 h5 31. Qa2 h4 32. Ne2 Be8 33. Rdb2 Qd7 34. Ba5
Qa7 35. Bd2 Ng6 36. Nc3 f5 37. a5 Ne5 38. axb6 Rdxb6 39. Rxb6 Rxb6 40. Ra1 Qb8
41. Rb1 Rxb1+ 42. Nxb1 Nxc4 43. d6 Bf7 44. d7 Ne5 45. Qa1 Nxd7 46. Bc3 Nf6 47.
Nd2 Qd6 48. Qb2 Bd5 49. Be5 Qe7 50. Qb8+ Ne8 51. Bc3 Kh7 52. Qf4 Kg6 53. Nf1
Be6 54. Nd2 Nc7 55. Qe5 Nd5 56. Bb2 Nb4 57. Bc3 a5 58. f3 Nd3 59. Qb8 Qg5 60.
Qf8 Kh7 61. f4 Qg6 62. Qe7 a4 63. Bxg7 Qf7 64. Qxf7 Bxf7 65. Bc3 a3 66. Kf1 a2
67. Ke2 Nb4 68. Kd1 Nd5 0-1

[Event "18. Open de Sants Hostafrancs 2016"]
[Site "Barcelona ESP"]
[Date "2016.08.26"]
[Round "8.16"]
[White "Harutyunian, Tigran K"]
[Black "Lujan, Carolina"]
[Result "1/2-1/2"]
[WhiteElo "2485"]
[BlackElo "2378"]
[PlyCount "105"]
[EventDate "2016.08.19"]
[EventType "swiss"]
[EventRounds "10"]
[EventCountry "ESP"]
[SourceTitle "Ajedrez en Madrid"]
[Source "lmi"]
[SourceDate "2016.08.19"]

1. Nf3 d6 2. d4 g6 3. g3 Bg7 4. Bg2 e5 5. dxe5 dxe5 6. Qxd8+ Kxd8 7. Ng5 Nh6 8.
O-O c6 9. a4 Na6 10. Na3 f6 11. Ne4 Nf7 12. Rb1 f5 13. Ng5 Nxg5 14. Bxg5+ Kc7
15. b4 Be6 16. b5 Nc5 17. Be7 Nxa4 18. bxc6 bxc6 19. Rfd1 e4 20. Rd6 Ba2 21.
Rbd1 Nc3 22. Rd7+ Kb6 23. R1d2 Be5 24. e3 Rhe8 25. Bf1 Nd5 26. Bg5 Bc3 27. Rd1
Kc5 28. Rxh7 a5 29. Rh6 a4 30. Rxg6 Rg8 31. Rxg8 Rxg8 32. h4 Kb4 33. Nb1 Bxb1
34. Rxb1+ Kc5 35. Bh3 a3 36. Rb3 a2 37. Ra3 a1=Q+ 38. Rxa1 Bxa1 39. Bxf5 Bf6
40. c4 Bxg5 41. cxd5 Kxd5 42. hxg5 Rxg5 43. g4 c5 44. f3 exf3 45. Kf2 Ke5 46.
Kxf3 Rg8 47. Ke2 Ra8 48. Kd3 Ra4 49. Kc3 Kd5 50. e4+ Ke5 51. g5 Ra1 52. g6 Rg1
53. Kd3 1/2-1/2

[Event "18. Open de Sants Hostafrancs 2016"]
[Site "Barcelona ESP"]
[Date "2016.08.26"]
[Round "8.17"]
[White "Alvarez Pedraza, Aramis"]
[Black "Gullaksen, Eirik"]
[Result "1-0"]
[WhiteElo "2483"]
[BlackElo "2361"]
[PlyCount "129"]
[EventDate "2016.08.19"]
[EventType "swiss"]
[EventRounds "10"]
[EventCountry "ESP"]
[SourceTitle "Ajedrez en Madrid"]
[Source "lmi"]
[SourceDate "2016.08.19"]

1. e4 c5 2. Nf3 Nc6 3. Bb5 Nf6 4. Bxc6 dxc6 5. d3 Bg4 6. h3 Bh5 7. Nc3 Qc7 8.
g4 Bg6 9. e5 Nd5 10. Qe2 e6 11. Ne4 h5 12. Rg1 hxg4 13. hxg4 O-O-O 14. Bg5 Be7
15. Nd6+ Kb8 16. Bxe7 Qxe7 17. O-O-O Rh3 18. c4 Nb6 19. d4 cxd4 20. Rxd4 c5 21.
Rd2 Rdh8 22. b3 Rh1 23. Rgd1 Rxd1+ 24. Qxd1 Nc8 25. Kb2 Rd8 26. Qe2 b6 27. b4
Qc7 28. Nb5 Qe7 29. bxc5 Rxd2+ 30. Nxd2 Qxc5 31. Nb3 Qc6 32. f3 Ne7 33. Nd6 Nc8
34. Nb5 Ne7 35. N5d4 Qd7 36. f4 Qb7 37. Qd2 a6 38. Qb4 Be4 39. Qd6+ Qc7 40. Qb4
Ng6 41. c5 Ka7 42. Nxe6 fxe6 43. Qxe4 Ne7 44. f5 bxc5 45. fxe6 Kb6 46. Qe1 Nc6
47. g5 Qxe5+ 48. Qxe5 Nxe5 49. Kc3 Kc6 50. Nxc5 Kd6 51. Nxa6 Kxe6 52. a4 Kd5
53. Nb4+ Kd6 54. Nd3 Nf3 55. g6 Nh4 56. Nf4 Kc5 57. Kb3 Nf5 58. Nd3+ Kd4 59. a5
Kxd3 60. a6 Nd4+ 61. Kb4 Ke4 62. Kc5 Ne6+ 63. Kd6 Nd4 64. Kc5 Ne6+ 65. Kb6 1-0

[Event "18. Open de Sants Hostafrancs 2016"]
[Site "Barcelona ESP"]
[Date "2016.08.26"]
[Round "8.18"]
[White "Gonzalez Acosta, Bernal"]
[Black "Lorenzo De La Riva, Lazaro"]
[Result "0-1"]
[WhiteElo "2478"]
[BlackElo "2355"]
[PlyCount "116"]
[EventDate "2016.08.19"]
[EventType "swiss"]
[EventRounds "10"]
[EventCountry "ESP"]
[SourceTitle "Ajedrez en Madrid"]
[Source "lmi"]
[SourceDate "2016.08.19"]

1. c4 e5 2. g3 Nc6 3. Bg2 Bc5 4. e3 d6 5. Ne2 a6 6. d4 Ba7 7. Nbc3 Nf6 8. h3
O-O 9. O-O Re8 10. d5 Ne7 11. e4 h6 12. Kh2 Ng6 13. Qd3 Nh7 14. b4 Rf8 15. Be3
Bxe3 16. Qxe3 f5 17. exf5 Bxf5 18. c5 Ng5 19. h4 Nh7 20. Ne4 Nf6 21. Nxf6+ Qxf6
22. cxd6 cxd6 23. Rac1 Rac8 24. Kg1 Qf7 25. Nc3 Qd7 26. Ne4 Ne7 27. Qb6 Bxe4
28. Bxe4 Rxc1 29. Rxc1 Rc8 30. Rxc8+ Nxc8 31. Qe3 Ne7 32. Qf3 b6 33. Kg2 a5 34.
bxa5 bxa5 35. Qb3 Qd8 36. h5 Kh8 37. Qb7 Ng8 38. a4 Nf6 39. Bg6 Nd7 40. Bf5 Nf6
41. Bg6 Nd7 42. f3 Nc5 43. Qc6 Kg8 44. Bf5 Kf8 45. Qb5 Ke7 46. Qc4 Kf8 47. Qb5
Ke7 48. Bc2 Qc7 49. Bg6 Nd7 50. f4 Qb6 51. Qd3 Qc5 52. Be4 Qb4 53. Bf3 exf4 54.
Qg6 Qb2+ 55. Kh3 Qf6 56. Qb1 Qc3 57. Qe4+ Ne5 58. Qf5 Qxf3 0-1

[Event "18. Open de Sants Hostafrancs 2016"]
[Site "Barcelona ESP"]
[Date "2016.08.26"]
[Round "8.20"]
[White "Ducarmon, Quinten"]
[Black "Colmenares, Aurelio"]
[Result "0-1"]
[WhiteElo "2467"]
[BlackElo "2350"]
[PlyCount "130"]
[EventDate "2016.08.19"]
[EventType "swiss"]
[EventRounds "10"]
[EventCountry "ESP"]
[SourceTitle "Ajedrez en Madrid"]
[Source "lmi"]
[SourceDate "2016.08.19"]

1. e4 c5 2. Nf3 Nc6 3. Bb5 d6 4. O-O Bd7 5. Re1 Nf6 6. c3 a6 7. Bf1 Bg4 8. h3
Bxf3 9. Qxf3 g6 10. d3 Bg7 11. Be3 e5 12. Nd2 O-O 13. a3 Rc8 14. Bg5 h6 15. Bh4
g5 16. Bg3 d5 17. Qd1 d4 18. Be2 Re8 19. c4 Nh7 20. Rb1 a5 21. Bh2 Nf8 22. Nf1
Ng6 23. Ng3 Nf4 24. Bg4 Ra8 25. Nf5 Bf8 26. Bg3 Ng6 27. Kh2 Ra6 28. Qd2 Kh7 29.
Bd1 Ra8 30. Rh1 Nge7 31. Bg4 Nxf5 32. Bxf5+ Kg7 33. Qd1 Be7 34. Kg1 Rh8 35. h4
Qc7 36. Qa4 Bd6 37. Qd1 Be7 38. Rh3 Rag8 39. Qf3 Bf6 40. Bg4 Qe7 41. hxg5 Bxg5
42. Bf5 Qf6 43. Rh5 Kf8 44. Kf1 Rg7 45. Ke2 Qd8 46. Be6 Qb6 47. Bd5 Qb3 48. Kf1
Bf4 49. Bxf4 exf4 50. Bxc6 bxc6 51. Qh3 Rg3 52. fxg3 Qxd3+ 53. Kg1 Qxb1+ 54.
Kh2 Qxe4 55. Rxc5 d3 56. Qc8+ Kg7 57. Qg4+ Kh7 58. Rf5 fxg3+ 59. Kh3 Qxg4+ 60.
Kxg4 Rg8+ 61. Kh4 Rd8 62. Rxf7+ Kg6 63. Rf1 d2 64. Rd1 Kf5 65. Kxg3 Ke4 0-1

[Event "18. Open de Sants Hostafrancs 2016"]
[Site "Barcelona ESP"]
[Date "2016.08.26"]
[Round "8.21"]
[White "Barrientos, Sergio E"]
[Black "Cruz, Filemon"]
[Result "1-0"]
[WhiteElo "2466"]
[BlackElo "2349"]
[PlyCount "76"]
[EventDate "2016.08.19"]
[EventType "swiss"]
[EventRounds "10"]
[EventCountry "ESP"]
[SourceTitle "Ajedrez en Madrid"]
[Source "lmi"]
[SourceDate "2016.08.19"]

1. e4 c5 2. Nf3 e6 3. d4 cxd4 4. Nxd4 a6 5. c4 Qc7 6. Nc3 Nf6 7. a3 b6 8. Be3
Bb7 9. f3 d6 10. Be2 Be7 11. O-O O-O 12. Qd2 Nbd7 13. Rfd1 Rac8 14. b4 Qb8 15.
Rac1 Bd8 16. Nb3 Bc7 17. Bf4 Ne5 18. Bg3 Rfd8 19. Kh1 Ng6 20. Qe3 Nh5 21. f4
Nxg3+ 22. hxg3 Re8 23. b5 a5 24. Na4 Ba8 25. Bf3 Ne7 26. Qf2 Kh8 27. Re1 Ng8
28. Nd4 e5 29. Nf5 Nf6 30. Nc3 g6 31. Ne3 d5 32. Ncxd5 Bxd5 33. Nxd5 Nxd5 34.
cxd5 exf4 35. gxf4 Bxf4 36. Rxc8 Rxc8 37. a4 Rf8 38. Rf1 Bg3 1-0

[Event "18. Open de Sants Hostafrancs 2016"]
[Site "Barcelona ESP"]
[Date "2016.08.26"]
[Round "8.22"]
[White "Diaz Camallonga, Carles"]
[Black "Satyapragyan, Swayangsu"]
[Result "1/2-1/2"]
[WhiteElo "2336"]
[BlackElo "2462"]
[PlyCount "65"]
[EventDate "2016.08.19"]
[EventType "swiss"]
[EventRounds "10"]
[EventCountry "ESP"]
[SourceTitle "Ajedrez en Madrid"]
[Source "lmi"]
[SourceDate "2016.08.19"]

1. e4 e5 2. Nf3 Nc6 3. Bb5 a6 4. Ba4 Nf6 5. d3 d6 6. c3 g6 7. O-O Bg7 8. Re1
O-O 9. h3 Re8 10. c4 Nd7 11. Nc3 Nc5 12. Bxc6 bxc6 13. Be3 Ne6 14. d4 exd4 15.
Nxd4 c5 16. Nf3 Rb8 17. Qd2 Bb7 18. Rad1 Qd7 19. Bh6 Nd4 20. Nxd4 Bxd4 21. b3
Re6 22. Ne2 Bh8 23. f3 Rbe8 24. Kh2 Be5+ 25. Bf4 Bg7 26. Bg3 Qc8 27. Nf4 R6e7
28. Bh4 Re5 29. Nd3 R5e6 30. Nf4 Re5 31. Bg3 R5e7 32. Bh4 Re5 33. Bg3 1/2-1/2

[Event "18. Open de Sants Hostafrancs 2016"]
[Site "Barcelona ESP"]
[Date "2016.08.26"]
[Round "8.23"]
[White "Admiraal, Miguoel"]
[Black "Olivares Canelles, Francisco"]
[Result "1/2-1/2"]
[WhiteElo "2458"]
[BlackElo "2314"]
[PlyCount "47"]
[EventDate "2016.08.19"]
[EventType "swiss"]
[EventRounds "10"]
[EventCountry "ESP"]
[SourceTitle "Ajedrez en Madrid"]
[Source "lmi"]
[SourceDate "2016.08.19"]

1. e4 e5 2. Nf3 Nc6 3. Bc4 Bc5 4. O-O d6 5. c3 Nf6 6. d3 a6 7. Bb3 h6 8. Nbd2
O-O 9. h3 Be6 10. Bxe6 fxe6 11. a4 d5 12. b4 Bd6 13. Re1 Qd7 14. Qe2 Nh5 15.
Nb3 Qf7 16. Bd2 Ne7 17. d4 exd4 18. e5 dxc3 19. Bxc3 Nf4 20. Qf1 Qg6 21. exd6
Nxh3+ 22. Kh2 Rxf3 23. gxf3 Nf4 24. dxe7 1/2-1/2

[Event "18. Open de Sants Hostafrancs 2016"]
[Site "Barcelona ESP"]
[Date "2016.08.26"]
[Round "8.24"]
[White "Lemeaux, David"]
[Black "Sundararajan, Kidambi"]
[Result "1/2-1/2"]
[WhiteElo "2315"]
[BlackElo "2442"]
[PlyCount "45"]
[EventDate "2016.08.19"]
[EventType "swiss"]
[EventRounds "10"]
[EventCountry "ESP"]
[SourceTitle "Ajedrez en Madrid"]
[Source "lmi"]
[SourceDate "2016.08.19"]

1. d4 d5 2. Nf3 Nf6 3. c4 c6 4. e3 e6 5. Nc3 Nbd7 6. Qc2 Bd6 7. Bd3 dxc4 8.
Bxc4 O-O 9. O-O b5 10. Bd3 Bb7 11. e4 e5 12. h3 Re8 13. dxe5 Nxe5 14. Nxe5 Bxe5
15. Be3 Qe7 16. Rae1 a6 17. Ne2 c5 18. Bxc5 Qc7 19. Bd4 Bxe4 20. Qxc7 Bxc7 21.
Bxe4 Nxe4 22. Nc3 Nxc3 23. Bxc3 1/2-1/2

[Event "18. Open de Sants Hostafrancs 2016"]
[Site "Barcelona ESP"]
[Date "2016.08.26"]
[Round "8.25"]
[White "Cruz, Jonathan"]
[Black "Riu Lopez, Daniel"]
[Result "1-0"]
[WhiteElo "2433"]
[BlackElo "1912"]
[PlyCount "53"]
[EventDate "2016.08.19"]
[EventType "swiss"]
[EventRounds "10"]
[EventCountry "ESP"]
[SourceTitle "Ajedrez en Madrid"]
[Source "lmi"]
[SourceDate "2016.08.19"]

1. d4 Nf6 2. c4 e6 3. Nf3 Bb4+ 4. Bd2 a5 5. Qc2 d5 6. a3 Bxd2+ 7. Nbxd2 O-O 8.
e4 dxe4 9. Nxe4 Nc6 10. O-O-O Nxe4 11. Qxe4 f5 12. Qe3 Qf6 13. Bd3 Rd8 14. Bc2
Rb8 15. d5 exd5 16. cxd5 Ne7 17. Bb3 Kh8 18. Rhe1 Ng6 19. d6 cxd6 20. Ng5 f4
21. Qe8+ Rxe8 22. Rxe8+ Nf8 23. Rxd6 Be6 24. Rxb8 Bxb3 25. Rxf6 gxf6 26. Nxh7
Kxh7 27. Rxb7+ 1-0

[Event "18. Open de Sants Hostafrancs 2016"]
[Site "Barcelona ESP"]
[Date "2016.08.26"]
[Round "8.28"]
[White "Cuartas, Jaime Alexander"]
[Black "Vidal Zamora, Alex"]
[Result "1/2-1/2"]
[WhiteElo "2481"]
[BlackElo "2291"]
[PlyCount "50"]
[EventDate "2016.08.19"]
[EventType "swiss"]
[EventRounds "10"]
[EventCountry "ESP"]
[SourceTitle "Ajedrez en Madrid"]
[Source "lmi"]
[SourceDate "2016.08.19"]

1. e4 c5 2. Nf3 d6 3. d4 cxd4 4. Nxd4 Nf6 5. Nc3 a6 6. Bg5 e6 7. f4 h6 8. Bxf6
Qxf6 9. Qd2 Nc6 10. Nf3 g5 11. fxg5 hxg5 12. Qxg5 Qxg5 13. Nxg5 b5 14. Nf3 Bg7
15. Bd3 Bb7 16. O-O-O Ke7 17. Rdf1 Ne5 18. Nd1 Nxf3 19. gxf3 Rh4 20. Nf2 Bh6+
21. Kb1 Bf4 22. h3 Rg8 23. Rhg1 Rg3 24. Rxg3 Bxg3 25. a3 d5 1/2-1/2

[Event "18. Open de Sants Hostafrancs 2016"]
[Site "Barcelona ESP"]
[Date "2016.08.26"]
[Round "8.34"]
[White "Gual Pascual, Antonio"]
[Black "Hess, Max"]
[Result "1/2-1/2"]
[WhiteElo "2397"]
[BlackElo "2252"]
[PlyCount "57"]
[EventDate "2016.08.19"]
[EventType "swiss"]
[EventRounds "10"]
[EventCountry "ESP"]
[SourceTitle "Ajedrez en Madrid"]
[Source "lmi"]
[SourceDate "2016.08.19"]

1. d4 Nf6 2. c4 g6 3. Nc3 Bg7 4. e4 d6 5. Nge2 O-O 6. Ng3 e5 7. d5 a5 8. Be2
Na6 9. h4 h5 10. Bg5 Qe8 11. Qd2 Nh7 12. Be3 Qe7 13. O-O-O Bd7 14. Nf1 f5 15.
exf5 gxf5 16. Bg5 Nxg5 17. hxg5 a4 18. Ng3 a3 19. Nxh5 axb2+ 20. Kxb2 Nc5 21.
g6 e4 22. Nxg7 Qxg7 23. Rh7 Qxg6 24. Rdh1 Qxh7 25. Rxh7 Kxh7 26. Qg5 Rg8 27.
Qh4+ Kg7 28. Qg5+ Kh7 29. Qh4+ 1/2-1/2

[Event "18. Open de Sants Hostafrancs 2016"]
[Site "Barcelona ESP"]
[Date "2016.08.26"]
[Round "8.35"]
[White "Wild, Achim"]
[Black "Lapshun, Yury"]
[Result "0-1"]
[WhiteElo "2242"]
[BlackElo "2396"]
[PlyCount "80"]
[EventDate "2016.08.19"]
[EventType "swiss"]
[EventRounds "10"]
[EventCountry "ESP"]
[SourceTitle "Ajedrez en Madrid"]
[Source "lmi"]
[SourceDate "2016.08.19"]

1. Nf3 d5 2. e3 Nf6 3. c4 c6 4. Nc3 a6 5. Qc2 b5 6. b3 g6 7. Bb2 Bf5 8. Bd3
Bxd3 9. Qxd3 Bg7 10. Ne2 Nbd7 11. cxd5 cxd5 12. Rc1 O-O 13. Ned4 Re8 14. Nc6
Qb6 15. Bd4 Qb7 16. Qc2 a5 17. O-O Nf8 18. Qb2 Rec8 19. Nfe5 Ne6 20. Qa3 b4 21.
Qa4 Qc7 22. Rc2 Nxd4 23. exd4 Qd6 24. Rc5 Bh6 25. Rxa5 Rxa5 26. Qxa5 Bxd2 27.
a4 Bc3 28. Qa6 Rc7 29. Qa8+ Kg7 30. f4 Ne4 31. a5 Nd2 32. a6 Bxd4+ 33. Nxd4 Qc5
34. Re1 Qxd4+ 35. Kh1 Qe3 36. Rd1 Ne4 37. Ng4 Qd4 38. Rf1 h5 39. Qb8 hxg4 40.
Qxc7 Nf2+ 0-1

[Event "18. Open de Sants Hostafrancs 2016"]
[Site "Barcelona ESP"]
[Date "2016.08.26"]
[Round "8.36"]
[White "Schippers, Maurice"]
[Black "Aguero Jimenez, Luis Lazaro"]
[Result "0-1"]
[WhiteElo "2220"]
[BlackElo "2388"]
[PlyCount "86"]
[EventDate "2016.08.19"]
[EventType "swiss"]
[EventRounds "10"]
[EventCountry "ESP"]
[SourceTitle "Ajedrez en Madrid"]
[Source "lmi"]
[SourceDate "2016.08.19"]

1. e4 c5 2. Nf3 e6 3. d4 cxd4 4. Nxd4 Qb6 5. Nb3 Qc7 6. Bd3 Nf6 7. O-O Be7 8.
Nc3 a6 9. f4 d6 10. Kh1 Nbd7 11. g4 h6 12. Qe2 b5 13. a3 Bb7 14. Bd2 g5 15.
Rae1 h5 16. fxg5 Nxg4 17. g6 fxg6 18. Nd4 Nf8 19. Ncxb5 Qb6 20. Qf3 O-O-O 21.
Nb3 Ne5 22. Qh3 Nxd3 23. Qxd3 Kb8 24. N5d4 Rd7 25. Ba5 Qa7 26. Qc3 e5 27. Nc6+
Bxc6 28. Qxc6 Ne6 29. Bb6 Qb7 30. Qa4 Bh4 31. Na5 Qc8 32. Re3 Rf8 33. Rxf8 Qxf8
34. Qc4 Nc5 35. Bxc5 dxc5 36. Qb3+ Ka8 37. Rf3 Qd8 38. Nc6 Rd1+ 39. Kg2 Qd2+
40. Kh3 Qd7+ 41. Rf5 Qxc6 42. Rf8+ Rd8 43. Qg8 Qc8+ 0-1

[Event "18. Open de Sants Hostafrancs 2016"]
[Site "Barcelona ESP"]
[Date "2016.08.26"]
[Round "8.37"]
[White "Valdes Romero, Leonardo"]
[Black "Garcia Ramos, Daniel"]
[Result "1-0"]
[WhiteElo "2386"]
[BlackElo "2238"]
[PlyCount "71"]
[EventDate "2016.08.19"]
[EventType "swiss"]
[EventRounds "10"]
[EventCountry "ESP"]
[SourceTitle "Ajedrez en Madrid"]
[Source "lmi"]
[SourceDate "2016.08.19"]

1. d4 Nf6 2. Nf3 e6 3. g3 d5 4. Bg2 Be7 5. O-O O-O 6. c4 c6 7. Qc2 b6 8. Rd1
Bb7 9. Nc3 Qc8 10. b3 Nbd7 11. Bb2 c5 12. cxd5 exd5 13. Rac1 Re8 14. Qb1 Bf8
15. dxc5 bxc5 16. e3 Nb6 17. Nh4 Qd8 18. a4 Rb8 19. a5 Nc8 20. Na4 Qxa5 21.
Bxf6 gxf6 22. Bxd5 Re5 23. Bxb7 Rxb7 24. Nf3 Re6 25. Rd5 Qb4 26. Rd8 Rb8 27.
Nxc5 Rd6 28. Rxd6 Nxd6 29. Na6 Qb7 30. Nxb8 Qxf3 31. Nd7 Be7 32. Nc5 f5 33. Qd3
Qh5 34. Qd5 Qg4 35. Qe5 Bf8 36. Nd7 1-0

[Event "18. Open de Sants Hostafrancs 2016"]
[Site "Barcelona ESP"]
[Date "2016.08.26"]
[Round "8.38"]
[White "Mihajlov, Svetoslav"]
[Black "Webersberger, Johann"]
[Result "0-1"]
[WhiteElo "2154"]
[BlackElo "2356"]
[PlyCount "102"]
[EventDate "2016.08.19"]
[EventType "swiss"]
[EventRounds "10"]
[EventCountry "ESP"]
[SourceTitle "Ajedrez en Madrid"]
[Source "lmi"]
[SourceDate "2016.08.19"]

1. d4 g6 2. e4 Bg7 3. Nf3 d6 4. c3 Nf6 5. Bd3 O-O 6. O-O Nc6 7. d5 Nb8 8. h3 e5
9. dxe6 Bxe6 10. Nd4 Bd7 11. Bg5 Re8 12. Nd2 a6 13. f4 c5 14. N4f3 Bc6 15. a4
Nbd7 16. a5 Qc7 17. Re1 Nh5 18. f5 Nhf6 19. Bf4 Rad8 20. Qc2 Nh5 21. Bh2 Ne5
22. Be2 Qe7 23. g4 Nxf3+ 24. Nxf3 Nf6 25. g5 Qxe4 26. Qxe4 Nxe4 27. f6 Bf8 28.
h4 Re6 29. Bf1 Rde8 30. Rec1 Ng3 31. Bxg3 Bxf3 32. Kf2 Bc6 33. Rd1 d5 34. Rd2
c4 35. Kg1 Bc5+ 36. Kh2 h6 37. Rad1 hxg5 38. hxg5 Be3 39. Rxd5 Bxd5 40. Rxd5 b5
41. Bh3 Re4 42. Bd7 Rd8 43. Kg2 Bxg5 44. Bc7 Rxd7 45. Rxd7 Bxf6 46. Kf3 Re1 47.
Bd6 Rb1 48. Ba3 Ra1 49. Bb4 Ra2 50. Rd6 Be7 51. Rxa6 Bxb4 0-1

[Event "18. Open de Sants Hostafrancs 2016"]
[Site "Barcelona ESP"]
[Date "2016.08.26"]
[Round "8.39"]
[White "Guichard, Pauline"]
[Black "Juan Bartroli, Pau"]
[Result "1/2-1/2"]
[WhiteElo "2353"]
[BlackElo "2231"]
[PlyCount "77"]
[EventDate "2016.08.19"]
[EventType "swiss"]
[EventRounds "10"]
[EventCountry "ESP"]
[SourceTitle "Ajedrez en Madrid"]
[Source "lmi"]
[SourceDate "2016.08.19"]

1. Nf3 d5 2. c4 e6 3. g3 Nf6 4. Bg2 Be7 5. O-O O-O 6. b3 c5 7. Bb2 Nc6 8. e3 b6
9. Qe2 Ba6 10. Nc3 Rc8 11. d3 Qd7 12. Rac1 Rfd8 13. Rfd1 d4 14. exd4 Nxd4 15.
Nxd4 cxd4 16. Ne4 Bb7 17. Nxf6+ Bxf6 18. b4 h6 19. Bxb7 Qxb7 20. a4 Be7 21. Ba3
a5 22. Rb1 Qd7 23. Qc2 Ra8 24. c5 Rdc8 25. Rdc1 Qd5 26. c6 Ra7 27. bxa5 Qxa5
28. Rb5 Bxa3 29. Rxa5 bxa5 30. Rb1 Bb4 31. Qc4 Rac7 32. Qxd4 Rxc6 33. Kg2 Rd6
34. Qe3 Rc3 35. Rd1 Rd5 36. Qa7 g6 37. Qa6 h5 38. h4 Rc2 39. d4 1/2-1/2

[Event "18. Open de Sants Hostafrancs 2016"]
[Site "Barcelona ESP"]
[Date "2016.08.26"]
[Round "8.40"]
[White "Tate, Alan"]
[Black "Calavalle, Giulio"]
[Result "1-0"]
[WhiteElo "2329"]
[BlackElo "2203"]
[PlyCount "94"]
[EventDate "2016.08.19"]
[EventType "swiss"]
[EventRounds "10"]
[EventCountry "ESP"]
[SourceTitle "Ajedrez en Madrid"]
[Source "lmi"]
[SourceDate "2016.08.19"]

1. e4 c5 2. Nf3 d6 3. Bb5+ Bd7 4. Bxd7+ Qxd7 5. c4 g6 6. d4 cxd4 7. Nxd4 Bg7 8.
Nc3 Nc6 9. Be3 Nf6 10. f3 O-O 11. O-O Nxd4 12. Bxd4 Qc6 13. b3 Nd7 14. Nd5 Rfe8
15. Bxg7 Kxg7 16. Qd4+ Kg8 17. Rad1 Nb6 18. h4 Nxd5 19. exd5 Qc5 20. Rfe1 Qxd4+
21. Rxd4 Rac8 22. Kf2 Rc7 23. g4 Rb8 24. a4 a6 25. f4 b5 26. cxb5 axb5 27. Rb4
Rcb7 28. a5 Ra8 29. Ra1 Ra6 30. Ke3 e6 31. dxe6 fxe6 32. f5 exf5 33. gxf5 Re7+
34. Kd3 Re5 35. fxg6 hxg6 36. Rg4 Kh7 37. Rg5 Kh6 38. Rxe5 dxe5 39. Ke4 Kh5 40.
Kxe5 Kxh4 41. Kd5 Kh3 42. Kc5 b4 43. Kxb4 g5 44. Kb5 Ra8 45. a6 g4 46. a7 g3
47. Kb6 g2 1-0

[Event "18. Open de Sants Hostafrancs 2016"]
[Site "Barcelona ESP"]
[Date "2016.08.26"]
[Round "8.41"]
[White "Orteu Capdevila, Max"]
[Black "Latorre, Matias"]
[Result "0-1"]
[WhiteElo "2147"]
[BlackElo "2318"]
[PlyCount "83"]
[EventDate "2016.08.19"]
[EventType "swiss"]
[EventRounds "10"]
[EventCountry "ESP"]
[SourceTitle "Ajedrez en Madrid"]
[Source "lmi"]
[SourceDate "2016.08.19"]

1. e4 c6 2. d4 d5 3. Nc3 dxe4 4. Nxe4 Bf5 5. Ng3 Bg6 6. N1e2 e6 7. Nf4 Qh4 8.
c3 Bd6 9. Qf3 Nf6 10. Nxg6 hxg6 11. Ne2 Qg4 12. Qxg4 Nxg4 13. h3 e5 14. dxe5
Nxe5 15. Ng3 Nbd7 16. Be3 Bc5 17. Bxc5 Nxc5 18. O-O-O Rh4 19. Kc2 a5 20. Rd4
Rh8 21. Ne4 Ne6 22. Rd1 Ke7 23. g3 Rad8 24. Be2 Rxd1 25. Bxd1 f5 26. Nd2 g5 27.
Nf3 Nf7 28. Re1 Kf6 29. Be2 Nd6 30. Bd3 Nc5 31. h4 gxh4 32. Nxh4 Nxd3 33. Kxd3
Ne4 34. Re2 Rd8+ 35. Kc2 Rh8 36. Kd3 g6 37. Nf3 Rh1 38. Nd2 Nc5+ 39. Kc4 Nd7
40. Nf3 Rd1 41. a4 Nb6+ 42. Kb3 0-1

[Event "18. Open de Sants Hostafrancs 2016"]
[Site "Barcelona ESP"]
[Date "2016.08.26"]
[Round "8.42"]
[White "Frischmann, Rick"]
[Black "Guix Torres, David"]
[Result "1-0"]
[WhiteElo "2312"]
[BlackElo "2026"]
[PlyCount "61"]
[EventDate "2016.08.19"]
[EventType "swiss"]
[EventRounds "10"]
[EventCountry "ESP"]
[SourceTitle "Ajedrez en Madrid"]
[Source "lmi"]
[SourceDate "2016.08.19"]

1. e4 c5 2. Nf3 d6 3. d4 cxd4 4. Nxd4 Nf6 5. Nc3 g6 6. Be3 Bg7 7. f3 O-O 8. Qd2
Nc6 9. g4 Nxd4 10. Bxd4 Be6 11. h4 Qa5 12. h5 Rfc8 13. a3 a6 14. Bd3 Bc4 15. b4
Qd8 16. hxg6 hxg6 17. Rd1 Bxd3 18. cxd3 e6 19. Ne2 a5 20. b5 a4 21. Qb2 e5 22.
Be3 Qc7 23. Rc1 Qe7 24. Nc3 d5 25. Bg5 Qe6 26. Bxf6 Qxf6 27. Ke2 dxe4 28. dxe4
Qf4 29. Nd5 Rxc1 30. Qxc1 Qg3 31. Qf1 1-0

[Event "18. Open de Sants Hostafrancs 2016"]
[Site "Barcelona ESP"]
[Date "2016.08.26"]
[Round "8.43"]
[White "Fier, Alexandr"]
[Black "Guezennec, Franck"]
[Result "1-0"]
[WhiteElo "2627"]
[BlackElo "2232"]
[PlyCount "79"]
[EventDate "2016.08.19"]
[EventType "swiss"]
[EventRounds "10"]
[EventCountry "ESP"]
[SourceTitle "Ajedrez en Madrid"]
[Source "lmi"]
[SourceDate "2016.08.19"]

1. e4 c5 2. Nf3 d6 3. d4 cxd4 4. Nxd4 Nf6 5. Nc3 a6 6. Bg5 Nbd7 7. f4 g6 8. Qe2
Bg7 9. O-O-O O-O 10. h4 Nh5 11. Qe1 h6 12. g4 Nhf6 13. Bxf6 Nxf6 14. g5 Ng4 15.
h5 e5 16. Nf3 b5 17. Kb1 exf4 18. gxh6 Bxc3 19. Qxc3 Qf6 20. Qxf6 Nxf6 21. hxg6
fxg6 22. Rxd6 Bg4 23. Ng5 Rad8 24. h7+ Kg7 25. Rxd8 Rxd8 26. Be2 Rh8 27. Bxg4
Nxg4 28. Rh4 Ne5 29. Rxf4 Kh6 30. Nf7+ Nxf7 31. Rxf7 Rxh7 32. Rxh7+ Kxh7 33.
Kc1 Kg7 34. Kd2 Kf6 35. Ke3 Ke5 36. c3 g5 37. b3 g4 38. c4 bxc4 39. bxc4 a5 40.
a4 1-0

[Event "18. Open de Sants Hostafrancs 2016"]
[Site "Barcelona ESP"]
[Date "2016.08.26"]
[Round "8.44"]
[White "Comas Fabrego, Lluis"]
[Black "Fernandez, Maria Florencia"]
[Result "1/2-1/2"]
[WhiteElo "2507"]
[BlackElo "2231"]
[PlyCount "41"]
[EventDate "2016.08.19"]
[EventType "swiss"]
[EventRounds "10"]
[EventCountry "ESP"]
[SourceTitle "Ajedrez en Madrid"]
[Source "lmi"]
[SourceDate "2016.08.19"]

1. d4 Nf6 2. c4 g6 3. Nc3 Bg7 4. Nf3 O-O 5. Bg5 h6 6. Bh4 d6 7. h3 c5 8. e3 Nc6
9. Be2 cxd4 10. Nxd4 Nxd4 11. exd4 Be6 12. d5 Bf5 13. g4 Bd7 14. O-O a6 15. Re1
Rc8 16. a4 Qb6 17. Ra3 Qc5 18. Kg2 e6 19. f3 exd5 20. cxd5 Qa5 21. Bf2 1/2-1/2